| 000 | 01559nam a22004217a 4500 | ||
|---|---|---|---|
| 001 | 0066002 | ||
| 003 | KOHA_MİRAKIL | ||
| 005 | 20260207004624.0 | ||
| 007 | ta | ||
| 008 | 210309b1978 tu |||gr||||#0|||1|tur | | ||
| 040 |
_aTR-BiSEU _btur _cTR-BiSEU _erda |
||
| 041 | 0 | _atur | |
| 044 | _ctu | ||
| 050 |
_aPL218 _b.S44 1978 |
||
| 100 | 0 | _aSehî Bey. | |
| 240 | 1 | 0 |
_aHeşt Bihişt : the teẕkire by Sehī Beg _lTürkçe |
| 245 | 1 |
_aHeşt bihişt : _bSehi Beg tezkiresi = _bHeşt Bihişt : _bthe teẕkire by Sehī Beg/ _cSehî Bey ; Sehî Bey; inceleme, tenkidli metin, dizin Günay Kutyayınlayan Şinasi Tekin, Gönül Alpay Tekin. |
|
| 264 | 1 |
_a[Duxbury?] : _bŞinasi Tekin _c1978 |
|
| 300 |
_a[4], 423 s. ; _c28 cm |
||
| 336 |
_ametin _btxt _2rdacontent |
||
| 337 |
_aaracısız _bn _2rdamedia |
||
| 338 |
_acilt _bnc _2rdacarrier |
||
| 490 | 1 | _aŞinasi Tekin. | |
| 490 | 1 |
_aDoğu dilleri ve edebiyatlarının kaynakları ; _v5. |
|
| 490 | 1 | _aTürkçe kaynaklar V | |
| 500 | _aKaynakça var. | ||
| 650 | 0 |
_aTürk edebiyatı - Şiir. _9124331 |
|
| 650 | 0 |
_aTürk şiiri--Biyo-bibliyografya. _9124332 |
|
| 650 | 0 |
_aTürk edebiyatı--Tarih ve eleştiri. _910702 |
|
| 650 | 0 |
_aTürk şiiri--Yaşamsal kaynakça. _9124333 |
|
| 650 | 0 |
_aPoets, Turkish--Biography. _916823 |
|
| 650 | 0 |
_aTurkish poetry--Bio-bibliography. _9104674 |
|
| 830 | 1 |
_aŞinasi Tekin. _9124334 |
|
| 830 | 1 |
_aDoğu dilleri ve edebiyatlarının kaynakları ; _v5. _985097 |
|
| 830 | 1 |
_aTürkçe kaynaklar V _9124335 |
|
| 907 | _aDil ve Edebiyat | ||
| 942 |
_2lcc _cBK |
||
| 999 |
_c66385 _d66385 |
||